[Event "Poznan op 25th"]
[Site "Poznan"]
[Date "2017.08.27"]
[Round "9"]
[White "Hoffmann, Kacper"]
[Black "Mozdzanowski, Filip"]
[Result "1/2-1/2"]
[WhiteElo "1588"]
[BlackElo "1329"]
[PlyCount "104"]
[EventDate "2017.08.20"]
[EventType "swiss"]
[EventRounds "9"]
[EventCountry "POL"]
[SourceTitle "CBM 180 Extra"]
[Source "ChessBase"]
[SourceDate "2017.10.06"]
[SourceVersion "1"]
[SourceVersionDate "2017.10.06"]
[SourceQuality "1"]

1. d4 Nf6 2. Nf3 g6 3. Bg5 Bg7 4. e3 h6 5. Bh4 d6 6. h3 Nbd7 7. Bg3 c5 8. c3 0-0 9. Bd3 a6 10. a4 Qa5 11. Nbd2 cxd4 12. exd4 Re8 13. Nc4 Qc7 14. 0-0 Nh5 15. Bh2 Nb6 16. Nxb6 Qxb6 17. Qc2 Be6 18. a5 Qc7 19. Rfe1 Bc4 20. Re3 Bxd3 21. Qxd3 Nf6 22. Ra4 Rac8 23. Nd2 Qd7 24. Rc4 Rxc4 25. Nxc4 Qb5 26. b4 Nd5 27. Rf3 Rc8 28. Nb6 Qxd3 29. Rxd3 Nxb6 30. axb6 Rc6 31. Re3 Kf8 32. Kf1 Rxb6 33. Ke2 Rc6 34. f3 Ke8 35. Kd3 b5 36. Re2 Kd7 37. Bg3 Bf6 38. Bh2 Bg7 39. Bg3 f6 40. Ra2 d5 41. Re2 Re6 42. Ra2 Ke8 43. Rf2 h5 44. Ra2 Bh6 45. Bf2 Kf7 46. Rb2 Bf4 47. Ra2 g5 48. Ra1 h4 49. Rh1 Kg6 50. Rf1 f5 51. Rh1 Kh5 52. Rf1 Bg3 1/2-1/2

[Event "Poznan op 25th"]
[Site "Poznan"]
[Date "2017.08.26"]
[Round "8"]
[White "Mozdzanowski, Filip"]
[Black "Nawrowski, Artur"]
[Result "1-0"]
[WhiteElo "1329"]
[BlackElo "1024"]
[PlyCount "96"]
[EventDate "2017.08.20"]
[EventType "swiss"]
[EventRounds "9"]
[EventCountry "POL"]
[SourceTitle "CBM 180 Extra"]
[Source "ChessBase"]
[SourceDate "2017.10.06"]
[SourceVersion "1"]
[SourceVersionDate "2017.10.06"]
[SourceQuality "1"]

1. Nf3 d6 2. g3 Nf6 3. Bg2 e5 4. d3 Be7 5. e4 0-0 6. 0-0 c5 7. h3 Nc6 8. c3 b5 9. Ne1 h6 10. f4 Qb6 11. Be3 b4 12. f5 a5 13. g4 Nd7 14. Rf2 Bh4 15. Rd2 a4 16. Nf3 Bg3 17. Kh1 Bb7 18. g5 bxc3 19. bxc3 d5 20. gxh6 gxh6 21. Bxh6 Rfe8 22. Ne1 Nf6 23. Bg5 Ne7 24. Bxf6 Qxf6 25. Qg4+ Qg7 26. Na3 Qxg4 27. hxg4 Ba6 28. exd5 Kg7 29. d6 Rh8+ 30. Kg1 Nc6 31. Bxc6 Rh4 32. Bxa8 Bf4 33. Rdd1 Bc8 34. Bg2 Bg5 35. Nc4 Rxg4 36. Nb6 Be3+ 37. Kf1 Bxf5 38. d7 Bg5 39. Nf3 Bf6 40. Nxe5 Rf4+ 41. Ke1 Bh4+ 42. Kd2 Rf2+ 43. Kc1 Bg5+ 44. Kb1 a3 45. Nbc4 Rxg2 46. Nxa3 c4 47. Naxc4 Bg4 48. Re1 Bf5 1-0